[Event "Wroclaw op-B"]
[Site "Wroclaw"]
[Date "2024.08.12"]
[Round "7"]
[White "Bes, Michal"]
[Black "Bukowska, Katarzyna"]
[Result "1-0"]
[WhiteElo "2031"]
[BlackElo "1842"]
[PlyCount "75"]
[EventDate "2024.08.08"]
[EventType "swiss"]
[EventRounds "9"]
[EventCountry "POL"]
[SourceTitle "EXT 2025"]
[Source "ChessBase"]
[SourceDate "2024.10.14"]
[SourceVersion "1"]
[SourceVersionDate "2024.10.14"]
[SourceQuality "1"]

1. c4 e6 2. e4 d5 3. exd5 exd5 4. d4 Nf6 5. Nf3 Be7 6. Nc3 0-0 7. h3 Nc6 8. Be3 Be6 9. c5 Bf5 10. Bd3 Bxd3 11. Qxd3 Re8 12. 0-0 h6 13. a3 Ne4 14. b4 a6 15. Ne2 Bf6 16. Rae1 Ne7 17. Ng3 Ng6 18. Nh5 c6 19. Nh2 Bh4 20. g3 Bg5 21. f4 Bf6 22. f5 Nf8 23. Rf4 Ng5 24. Kg2 Re4 25. h4 Rxf4 26. hxg5 Re4 27. gxf6 g6 28. Nf4 Qxf6 29. Ng4 Qh8 30. Nf2 Re7 31. fxg6 fxg6 32. Nxg6 Nxg6 33. Qxg6+ Qg7 34. Qxg7+ Rxg7 35. Bxh6 Rf7 36. Ng4 a5 37. Bd2 axb4 38. Nh6+ 1-0

[Event "Wroclaw op-B"]
[Site "Wroclaw"]
[Date "2024.08.08"]
[Round "1"]
[White "Bes, Michal"]
[Black "Fernandez Martin, Carlos"]
[Result "1-0"]
[WhiteElo "2031"]
[BlackElo "1845"]
[PlyCount "81"]
[EventDate "2024.08.08"]
[EventType "swiss"]
[EventRounds "9"]
[EventCountry "POL"]
[SourceTitle "EXT 2025"]
[Source "ChessBase"]
[SourceDate "2024.10.14"]
[SourceVersion "1"]
[SourceVersionDate "2024.10.14"]
[SourceQuality "1"]

1. e4 c5 2. c4 Nc6 3. Nc3 g6 4. g3 Bg7 5. Bg2 a6 6. Nge2 Nf6 7. d3 d6 8. Rb1 e6 9. a3 Qc7 10. b4 cxb4 11. axb4 Ng4 12. 0-0 0-0 13. h3 Nge5 14. f4 Nd7 15. Be3 Na7 16. Qd2 Rd8 17. Kh2 Nb6 18. f5 exf5 19. Bxb6 Bxc3 20. Bxc7 Bxd2 21. Bxd8 fxe4 22. Bxe4 Nc6 23. Bc7 Nxb4 24. Rfd1 d5 25. Rxd2 dxe4 26. Rxb4 e3 27. Ra2 Bf5 28. Rxb7 Bxd3 29. Rb8+ Rxb8 30. Bxb8 Bxc4 31. Rc2 Bd3 32. Rb2 g5 33. Ba7 Kg7 34. Bxe3 Kg6 35. Nc3 h5 36. Kg2 Bc4 37. Rb4 Bd3 38. Rd4 Bc2 39. Rd6+ Kf5 40. Rd5+ Ke6 41. Rxg5 1-0

[Event "POL-chT 2nd League"]
[Site "Jastrzebia Gora"]
[Date "2023.09.07"]
[Round "6.112"]
[White "Bes, Michal"]
[Black "Szmyd, Arkadiusz"]
[Result "0-1"]
[WhiteElo "2052"]
[BlackElo "2053"]
[PlyCount "104"]
[EventDate "2023.09.02"]
[EventType "team-swiss"]
[EventRounds "9"]
[EventCountry "POL"]
[SourceTitle "CBM 216 Extra"]
[Source "ChessBase"]
[SourceDate "2023.11.30"]
[SourceVersion "1"]
[SourceVersionDate "2023.11.30"]
[SourceQuality "1"]
[WhiteTeam "Wroclaw Hetman"]
[BlackTeam "Zory Roszada"]
[WhiteTeamCountry "POL"]
[BlackTeamCountry "POL"]

1. e4 e6 2. d4 d5 3. exd5 exd5 4. Bd3 Bd6 5. Ne2 Nf6 6. Bf4 0-0 7. 0-0 Re8 8. Nd2 Rxe2 9. Bxd6 Rxd2 10. Qxd2 Qxd6 11. Rfe1 Nc6 12. c3 Bd7 13. f3 g6 14. b4 Kg7 15. a3 h5 16. h4 Ne7 17. Kf2 Nf5 18. Bxf5 Bxf5 19. g3 Bd7 20. Qg5 Ng8 21. Qe5+ Qxe5 22. Rxe5 Be6 23. Ree1 Nf6 24. Kg2 Ne8 25. Kf2 Nd6 26. Re3 a5 27. Ree1 Nb5 28. a4 Nd6 29. b5 Nc4 30. Ra2 Nb6 31. Ke3 Re8 32. Kf2 Bd7 33. Rb1 Bf5 34. Rd1 Nc4 35. Rc1 Bd7 36. Rb1 Re6 37. Rc1 Kf6 38. Rb1 Rb6 39. Re1 c6 40. bxc6 Bxc6 41. g4 hxg4 42. fxg4 Rb3 43. Rc1 Nd6 44. Ke3 Ne4 45. h5 Nxc3 46. Rf2+ Kg7 47. Kf4 Ne4 48. Rh2 Kf6 49. g5+ Nxg5 50. Rf1 Bd7 51. h6 Nh3+ 52. Rxh3 g5# 0-1

[Event "POL-chT 2nd League"]
[Site "Jastrzebia Gora"]
[Date "2023.09.05"]
[Round "4.112"]
[White "Bartkowiak, Damian"]
[Black "Bes, Michal"]
[Result "0-1"]
[WhiteElo "2074"]
[BlackElo "2052"]
[PlyCount "56"]
[EventDate "2023.09.02"]
[EventType "team-swiss"]
[EventRounds "9"]
[EventCountry "POL"]
[SourceTitle "CBM 216 Extra"]
[Source "ChessBase"]
[SourceDate "2023.11.30"]
[SourceVersion "1"]
[SourceVersionDate "2023.11.30"]
[SourceQuality "1"]
[WhiteTeam "Zakrzewo Korona"]
[BlackTeam "Wroclaw Hetman"]
[WhiteTeamCountry "POL"]
[BlackTeamCountry "POL"]

1. d4 d5 2. c4 dxc4 3. Nf3 a6 4. a4 Nc6 5. e3 e5 6. Bxc4 e4 7. Nfd2 Qg5 8. Kf1 Qg6 9. Nc3 Nf6 10. a5 Bd6 11. Nd5 Bf5 12. Qb3 Rb8 13. Qa4 0-0 14. Nxf6+ gxf6 15. Bxa6 Ra8 16. Bxb7 Rxa5 17. Qxc6 Rxa1 18. Qc2 Kh8 19. h3 Re8 20. Nb3 Ra7 21. Bc6 Re7 22. Nc5 Ra1 23. g4 Bc8 24. b4 f5 25. b5 fxg4 26. Nb3 gxh3 27. Nxa1 Qg2+ 28. Ke2 Bg4+ 0-1

[Event "Wroclaw Anderssen Memorial op"]
[Site "Wroclaw"]
[Date "2018.08.04"]
[Round "5"]
[White "Jagodzinski, Piotr"]
[Black "Bes, Michal"]
[Result "1-0"]
[WhiteElo "2226"]
[BlackElo "2111"]
[PlyCount "175"]
[EventDate "2018.08.04"]
[EventType "swiss (rapid)"]
[EventRounds "13"]
[EventCountry "POL"]
[SourceTitle "CBM 185 Extra"]
[Source "ChessBase"]
[SourceDate "2018.07.29"]
[SourceVersion "1"]
[SourceVersionDate "2018.07.29"]
[SourceQuality "1"]

1. Nf3 Nf6 2. b3 g6 3. Bb2 Bg7 4. e3 0-0 5. Be2 d5 6. 0-0 c5 7. d3 Nc6 8. c4 e6 9. cxd5 exd5 10. Qc1 b6 11. d4 Ne4 12. dxc5 Bxb2 13. Qxb2 bxc5 14. Nbd2 Nxd2 15. Qxd2 Be6 16. Rac1 Qb6 17. Qc3 Rfc8 18. Qxc5 Nb4 19. Qxb6 axb6 20. a4 Na2 21. Rxc8+ Rxc8 22. Nd4 Nc1 23. Bb5 Rc3 24. b4 Nb3 25. Nf3 Nc1 26. h3 Na2 27. Rb1 Bf5 28. Rb2 Ra3 29. Nd4 Nc3 30. g4 Be6 31. Rc2 Kf8 32. Bf1 Ke7 33. a5 bxa5 34. bxa5 Bc8 35. a6 h6 36. Nb5 Nxb5 37. Rxc8 Nd6 38. Rc7+ Ke6 39. h4 Nc4 40. Bxc4 dxc4 41. Rxc4 Rxa6 42. Kg2 Ra3 43. Kg3 Kf6 44. Rc6+ Ke7 45. h5 gxh5 46. gxh5 f6 47. Rc7+ Ke6 48. Rh7 Ra5 49. Rxh6 Kf5 50. Rh8 Kg5 51. f4+ Kf5 52. Kf3 Ra3 53. Rg8 Ra1 54. Kg2 Ra7 55. Kf3 Ra1 56. e4+ Ke6 57. Rh8 Kf7 58. h6 Kg6 59. f5+ Kf7 60. Ke3 Ra3+ 61. Kf4 Rh3 62. Kg4 Rh1 63. Kf3 Rf1+ 64. Ke2 Rh1 65. Kd2 Rh4 66. Kd3 Rh1 67. Rh7+ Kf8 68. Kd4 Rd1+ 69. Kc5 Rd2 70. Kc6 Rd1 71. Ra7 Kg8 72. Rd7 Re1 73. Kd5 Re2 74. Ra7 Re1 75. Ke6 Rxe4+ 76. Kxf6 Re1 77. Ra2 Re3 78. Ra4 Re1 79. Ra7 Re2 80. Rg7+ Kf8 81. Rg5 Rh2 82. Kg6 Kg8 83. Rg4 Rh1 84. f6 Ra1 85. h7+ Kh8 86. Re4 Rg1+ 87. Kf7 Kxh7 88. Rh4# 1-0

[Event "Wroclaw op"]
[Site "Wroclaw"]
[Date "2018.08.01"]
[Round "5"]
[White "Dobrowolski, Aleksander"]
[Black "Bes, Michal"]
[Result "1-0"]
[WhiteElo "2245"]
[BlackElo "2111"]
[PlyCount "61"]
[EventDate "2018.07.30"]
[EventType "swiss"]
[EventRounds "9"]
[EventCountry "POL"]
[SourceTitle "CBM 185 Extra"]
[Source "ChessBase"]
[SourceDate "2018.07.29"]
[SourceVersion "1"]
[SourceVersionDate "2018.07.29"]
[SourceQuality "1"]

1. e4 e5 2. Nf3 Nc6 3. Bb5 Nf6 4. 0-0 Nxe4 5. d4 Nd6 6. Bxc6 dxc6 7. dxe5 Nf5 8. Qxd8+ Kxd8 9. Nc3 h6 10. b3 Bb4 11. Ne4 Be6 12. c4 Be7 13. h3 a5 14. g4 Nh4 15. Nxh4 Bxh4 16. f4 b6 17. f5 Bd7 18. Bb2 Rg8 19. Rad1 Ke8 20. e6 Bc8 21. f6 Bxe6 22. fxg7 Ke7 23. g5 hxg5 24. Bf6+ Ke8 25. Rd3 g4 26. Bxh4 Rxg7 27. Bf6 Rg6 28. h4 g3 29. h5 Rg4 30. h6 Rxe4 31. h7 1-0

[Event "POL-chT3 Dolnoslaskie 1718"]
[Site "Poland"]
[Date "2017.11.05"]
[Round "3.28"]
[White "Pietraszko, Jakub"]
[Black "Bes, Michal"]
[Result "1/2-1/2"]
[WhiteElo "1739"]
[BlackElo "2090"]
[PlyCount "146"]
[EventDate "2017.10.08"]
[EventType "team-tourn"]
[EventRounds "11"]
[EventCountry "POL"]
[SourceTitle "EXT 2019"]
[Source "ChessBase"]
[SourceDate "2018.10.10"]
[SourceVersion "1"]
[SourceVersionDate "2018.10.10"]
[SourceQuality "1"]

1. d4 d6 2. e4 e5 3. Nf3 Nd7 4. Bc4 Be7 5. dxe5 Nxe5 6. Nxe5 dxe5 7. Qh5 g6 8. Qxe5 Nf6 9. Bh6 Qd6 10. Qxd6 cxd6 11. Nc3 Be6 12. Bxe6 fxe6 13. 0-0 Kf7 14. Rfe1 Rac8 15. Be3 Rc6 16. Bd4 Rhc8 17. a3 Nd7 18. f4 Bf6 19. Bxf6 Nxf6 20. e5 Ne8 21. Rad1 d5 22. Rd4 Rc4 23. Red1 h5 24. g3 a6 25. Rxc4 Rxc4 26. Rd2 Ng7 27. Ne2 Nf5 28. c3 Rc8 29. Kf2 Rg8 30. h4 Rc8 31. Nd4 Ne7 32. Kf3 Nf5 33. Nxf5 gxf5 34. Rd3 Ke7 35. Ke3 Kd7 36. b3 b5 37. Kd2 a5 38. Kc2 Kc6 39. Kb2 Kc5 40. Kc2 Rd8 41. Rd4 Rg8 42. Rd3 Rd8 43. Kb2 Ra8 44. Rd1 Ra7 45. Rd4 Rd7 46. Kc2 Rd8 47. Kb2 b4 48. axb4+ axb4 49. Rxb4 Rg8 50. Rb7 Rxg3 51. Rc7+ Kb5 52. Rh7 Rg2+ 53. Ka3 Rg3 54. Rxh5 Rxc3 55. Rh8 d4 56. Rb8+ Ka6 57. Rd8 Rh3 58. Rxd4 Rxh4 59. Ka4 Kb6 60. b4 Rh8 61. Rd6+ Kc7 62. Rxe6 Rh4 63. Re7+ Kd8 64. Rf7 Rxf4 65. Kb5 Ke8 66. Rf6 Kd7 67. Kc5 Rf1 68. b5 f4 69. b6 f3 70. b7 Kc7 71. Rf7+ Kb8 72. Kc6 Rc1+ 73. Kd6 Rd1+ 1/2-1/2

[Event "Valasska Bystrice op"]
[Site "Valasska Bystrice"]
[Date "2016.09.16"]
[Round "8"]
[White "Bes, Michal"]
[Black "Belunek, Vladimir"]
[Result "1/2-1/2"]
[WhiteElo "2070"]
[BlackElo "2238"]
[PlyCount "116"]
[EventDate "2016.09.10"]
[EventType "swiss"]
[EventRounds "9"]
[EventCountry "CZE"]
[SourceTitle "CBM 174 Extra"]
[Source "ChessBase"]
[SourceDate "2016.10.10"]
[SourceVersion "1"]
[SourceVersionDate "2016.10.10"]
[SourceQuality "1"]

1. e4 c5 2. d4 cxd4 3. c3 Nf6 4. e5 Nd5 5. Qxd4 e6 6. Nf3 Nc6 7. Qe4 f5 8. exf6 Nxf6 9. Qh4 d5 10. Bd3 Bd6 11. Bg6+ Ke7 12. Bc2 h6 13. Bg6 e5 14. 0-0 Bg4 15. Nbd2 e4 16. Re1 Kd7 17. Bxe4 g5 18. Nxg5 hxg5 19. Qxg5 dxe4 20. Nxe4 Bxh2+ 21. Kf1 Kc8 22. f3 Qd3+ 23. Re2 Qd1+ 24. Re1 Qd3+ 25. Re2 Bxf3 26. Qf5+ Nd7 27. gxf3 Rf8 28. Qh5 Bc7 29. Nf2 Qxf3 30. Re8+ Nd8 31. Qxf3 Rxf3 32. Ke2 Rf8 33. Rxf8 Nxf8 34. Be3 Nfe6 35. Rh1 b6 36. Nd3 Kb7 37. Nb4 Nc6 38. Nd5 Re8 39. Nxc7 Kxc7 40. Rh7+ Re7 41. Rxe7+ Nxe7 42. a4 a6 43. Kd1 Kc6 44. Kc2 Nc5 45. b3 Nd5 46. Bd4 Nf4 47. Be5 Nd5 48. Bd4 Ne6 49. Bf2 Nf6 50. Bg1 Ng4 51. Kb2 Nc5 52. Kc2 Ne5 53. Bd4 Ned7 54. Bf2 Kd5 55. Bd4 Nxa4 56. bxa4 Kc4 57. Kb2 Nc5 58. Ka3 Ne4 1/2-1/2

[Event "Valasska Bystrice op"]
[Site "Valasska Bystrice"]
[Date "2016.09.15"]
[Round "7"]
[White "Jurek, Josef"]
[Black "Bes, Michal"]
[Result "1-0"]
[WhiteElo "2295"]
[BlackElo "2070"]
[PlyCount "47"]
[EventDate "2016.09.10"]
[EventType "swiss"]
[EventRounds "9"]
[EventCountry "CZE"]
[SourceTitle "CBM 174 Extra"]
[Source "ChessBase"]
[SourceDate "2016.10.10"]
[SourceVersion "1"]
[SourceVersionDate "2016.10.10"]
[SourceQuality "1"]

1. Nf3 Nf6 2. c4 g6 3. d4 Bg7 4. g3 d5 5. cxd5 Nxd5 6. Bg2 0-0 7. 0-0 c5 8. dxc5 Na6 9. Ng5 Ndb4 10. Nc3 Nxc5 11. Be3 Ne6 12. Qa4 Nc6 13. Rfd1 Qc7 14. Rac1 Rd8 15. Nd5 Qe5 16. Nxe7+ Kf8 17. Nxc6 Rxd1+ 18. Rxd1 bxc6 19. Qxc6 Rb8 20. Bc5+ Kg8 21. Qe8+ Nf8 22. Qxf7+ Kh8 23. Bxf8 Rb7 24. Bxg7+ 1-0

[Event "POL-chT3 Dolnoslaskie 1516"]
[Site "Poland"]
[Date "2016.03.06"]
[Round "8.12"]
[White "Dowgird, Filip"]
[Black "Bes, Michal"]
[Result "1-0"]
[WhiteElo "2209"]
[BlackElo "2024"]
[PlyCount "97"]
[EventDate "2015.10.18"]
[EventType "team-tourn"]
[EventRounds "11"]
[EventCountry "POL"]
[SourceTitle "EXT 2018"]
[Source "ChessBase"]
[SourceDate "2017.10.13"]
[SourceVersion "1"]
[SourceVersionDate "2017.10.13"]
[SourceQuality "1"]

1. g3 Nf6 2. Bg2 d5 3. d3 c5 4. Nd2 Nc6 5. Ngf3 g6 6. 0-0 Bg7 7. e4 0-0 8. Re1 e6 9. c3 Nd7 10. exd5 exd5 11. Nb3 b6 12. Bg5 Nf6 13. Ne5 Bb7 14. Nxc6 Bxc6 15. d4 c4 16. Nd2 Qd7 17. Bxf6 Bxf6 18. Qf3 Bg7 19. Nxc4 dxc4 20. Qxc6 Qxc6 21. Bxc6 Rac8 22. Bb5 Bf6 23. Re4 Rfd8 24. Rae1 Kg7 25. h4 h5 26. a4 Rd5 27. f4 Rdd8 28. Kf2 Rc7 29. Kf3 Rcc8 30. Ba6 Rc7 31. Re8 Rd5 32. Bb5 Rd6 33. Ra8 Re6 34. Rxe6 fxe6 35. Ke4 Kf7 36. Ba6 Ke7 37. Rg8 Kf7 38. Rc8 Rxc8 39. Bxc8 Bd8 40. Ba6 Kf6 41. Bxc4 Be7 42. Bd3 a5 43. Ke3 Bd6 44. Be4 Kf7 45. Kd3 g5 46. hxg5 h4 47. gxh4 Bxf4 48. b4 axb4 49. cxb4 1-0

[Event "POL-chT3 Dolnoslaskie 1516"]
[Site "Poland"]
[Date "2015.10.18"]
[Round "1.2"]
[White "Walentukiewicz, Michal"]
[Black "Bes, Michal"]
[Result "1-0"]
[WhiteElo "2118"]
[BlackElo "2024"]
[PlyCount "61"]
[EventDate "2015.10.18"]
[EventType "team-tourn"]
[EventRounds "11"]
[EventCountry "POL"]
[SourceTitle "EXT 2018"]
[Source "ChessBase"]
[SourceDate "2017.10.13"]
[SourceVersion "1"]
[SourceVersionDate "2017.10.13"]
[SourceQuality "1"]

1. Nf3 d5 2. g3 Nf6 3. Bg2 c5 4. 0-0 Nc6 5. c4 d4 6. d3 e5 7. e3 Be7 8. exd4 exd4 9. Bg5 0-0 10. Nfd2 Bg4 11. Bf3 Ne5 12. Bxg4 Nfxg4 13. Bf4 f5 14. Bxe5 Nxe5 15. Nf3 Nxf3+ 16. Qxf3 Qb6 17. b3 f4 18. g4 h5 19. Qd5+ Rf7 20. Re1 Rd8 21. Qxh5 Qa5 22. Qe5 Bd6 23. Qe6 f3 24. g5 Kf8 25. Re4 Bf4 26. Qh3 Re7 27. Rxf4+ Kg8 28. Rxf3 Qe1+ 29. Kg2 Qc1 30. g6 Re1 31. Qh7# 1-0

[Event "Valasska Bystrice op"]
[Site "Valasska Bystrice"]
[Date "2015.09.19"]
[Round "9"]
[White "Bes, Michal"]
[Black "Stancik, Jakub"]
[Result "0-1"]
[WhiteElo "2022"]
[BlackElo "1956"]
[PlyCount "62"]
[EventDate "2015.09.12"]
[EventType "swiss"]
[EventRounds "9"]
[EventCountry "CZE"]
[SourceTitle "EXT 2016"]
[Source "ChessBase"]
[SourceDate "2015.10.08"]
[SourceVersion "1"]
[SourceVersionDate "2015.10.08"]
[SourceQuality "1"]

1. e4 c5 2. Nc3 d6 3. d3 g6 4. g3 Bg7 5. Bg2 Nc6 6. Nge2 Rb8 7. a4 a6 8. 0-0 e6 9. Be3 Nd4 10. Qd2 Ne7 11. Bxd4 cxd4 12. Nd1 0-0 13. c4 a5 14. b4 axb4 15. Qxb4 Nc6 16. Qb5 Bd7 17. Nb2 Na5 18. Qb4 Qc7 19. Rfb1 Qc5 20. Nd1 Bc6 21. Nf4 Ra8 22. Bf1 Ra7 23. Ng2 Rfa8 24. Ne1 Bd7 25. Nc2 Nc6 26. Qb3 Ne5 27. Be2 Bxa4 28. Qb2 Nxc4 29. Qc1 Bxc2 30. Rxa7 Qxa7 31. Qxc2 Na3 0-1

[Event "Valasska Bystrice op"]
[Site "Valasska Bystrice"]
[Date "2015.09.16"]
[Round "6"]
[White "Bes, Michal"]
[Black "Volodin, Viktor Nikolaevich"]
[Result "1/2-1/2"]
[WhiteElo "2022"]
[BlackElo "2198"]
[PlyCount "26"]
[EventDate "2015.09.12"]
[EventType "swiss"]
[EventRounds "9"]
[EventCountry "CZE"]
[SourceTitle "EXT 2016"]
[Source "ChessBase"]
[SourceDate "2015.10.08"]
[SourceVersion "1"]
[SourceVersionDate "2015.10.08"]
[SourceQuality "1"]

1. d4 d5 2. Nf3 e6 3. c4 Nf6 4. e3 c6 5. Nbd2 Nbd7 6. Bd3 Bd6 7. 0-0 0-0 8. e4 dxe4 9. Nxe4 Nxe4 10. Bxe4 h6 11. Qc2 Re8 12. Re1 Bb4 13. Bd2 Bxd2 1/2-1/2

[Event "Klatovy op 21st"]
[Site "Klatovy"]
[Date "2015.06.27"]
[Round "1"]
[White "Bes, Michal"]
[Black "Jurek, Josef"]
[Result "0-1"]
[WhiteElo "1957"]
[BlackElo "2292"]
[PlyCount "92"]
[EventDate "2015.06.27"]
[EventType "swiss"]
[EventRounds "9"]
[EventCountry "CZE"]
[SourceTitle "EXT 2016"]
[Source "ChessBase"]
[SourceDate "2015.10.08"]
[SourceVersion "1"]
[SourceVersionDate "2015.10.08"]
[SourceQuality "1"]

1. e4 c5 2. Nc3 Nc6 3. g3 g6 4. Bg2 Bg7 5. Nge2 Rb8 6. 0-0 b5 7. d3 d6 8. h3 e6 9. g4 b4 10. Nb1 Nge7 11. Nd2 0-0 12. Ng3 Qc7 13. Nc4 a5 14. Bf4 Ne5 15. Qd2 Ba6 16. Nxe5 dxe5 17. Bh6 f6 18. Bxg7 Kxg7 19. f4 exf4 20. Qxf4 Qxf4 21. Rxf4 Nc6 22. e5 Nxe5 23. Ne4 Nd7 24. Nd6 Rb6 25. Nc4 Bxc4 26. Rxc4 Rc8 27. d4 Rd6 28. Re1 e5 29. c3 Kf7 30. Re4 Rb6 31. Re2 Rbb8 32. Bd5+ Ke7 33. dxc5 Rxc5 34. Rxc5 Nxc5 35. g5 f5 36. c4 e4 37. h4 Nd3 38. Rd2 Rd8 39. Kh2 Kd6 40. Kg3 Ke5 41. Bf7 f4+ 42. Kg4 f3 43. h5 gxh5+ 44. Bxh5 Rf8 45. g6 hxg6 46. Bxg6 f2 0-1

[Event "POL-chT3 Dolnoslaskie 1314"]
[Site "Poland"]
[Date "2013.12.15"]
[Round "5.17"]
[White "Koszkul, Wojciech"]
[Black "Bes, Michal"]
[Result "1/2-1/2"]
[WhiteElo "1941"]
[BlackElo "2042"]
[PlyCount "52"]
[EventDate "2013.10.20"]
[EventType "team-tourn"]
[EventRounds "11"]
[EventCountry "POL"]
[SourceTitle "EXT 2018"]
[Source "ChessBase"]
[SourceDate "2017.10.13"]
[SourceVersion "1"]
[SourceVersionDate "2017.10.13"]
[SourceQuality "1"]
[WhiteTeam "Przedwojow Debiut"]
[BlackTeam "Gant Hetman"]
[WhiteTeamCountry "POL"]
[BlackTeamCountry "POL"]

1. d4 d5 2. Nf3 Nf6 3. c4 c6 4. e3 Bf5 5. Bd3 e6 6. Nc3 Bg6 7. 0-0 Nbd7 8. cxd5 cxd5 9. Qc2 Be7 10. e4 dxe4 11. Nxe4 Nxe4 12. Bxe4 0-0 13. Bxg6 hxg6 14. Ne5 Nf6 15. Qb3 Qxd4 16. Nxg6 Rfe8 17. Be3 Qd5 18. Nxe7+ Rxe7 19. Qa3 Rd7 20. Rfe1 Ng4 21. Bf4 Qf5 22. Bg3 Rd3 23. Qe7 Rd2 24. Qa3 Rd3 25. Qe7 Rd2 26. Qa3 Rd3 1/2-1/2

[Event "Rewal op-A 17th"]
[Site "Rewal"]
[Date "2012.08.30"]
[Round "9"]
[White "Bes, Michal"]
[Black "Grabarczyk, Sylwester Piotr"]
[Result "1-0"]
[WhiteElo "1977"]
[BlackElo "1743"]
[PlyCount "51"]
[EventDate "2012.08.20"]
[EventType "swiss"]
[EventRounds "9"]
[EventCountry "POL"]
[SourceTitle "CBM 150 Extra"]
[Source "ChessBase"]
[SourceDate "2012.10.19"]
[SourceVersion "1"]
[SourceVersionDate "2012.10.19"]
[SourceQuality "1"]

1. e4 g6 2. d4 Bg7 3. Nc3 d6 4. Be3 Nf6 5. f3 0-0 6. Qd2 e5 7. Nge2 Nbd7 8. d5 Nb6 9. Ng3 c5 10. Bh6 Bd7 11. h4 Bxh6 12. Qxh6 Na4 13. Nxa4 Bxa4 14. 0-0-0 c4 15. Bxc4 Qc7 16. Bd3 a5 17. Kb1 Rfc8 18. Rc1 Ne8 19. h5 Qe7 20. hxg6 fxg6 21. Qh4 Qg7 22. Rh3 g5 23. Qh6 Rc7 24. Nf5 Qg6 25. Rch1 Rac8 26. b3 1-0